01630nam a22002177a 450000500170000000800410001702000180005804000070007604100080008308200210009110000260011224500250013826000370016330000280020036500610022852008960028965000400118594200120122599900190123795201560125620220407124331.0220405b ||||| |||| 00| 0 eng d a9781476746555 cAL aeng 223a813.54bHOOL aColleen Hoover927527 aLosing hopeba novel aNew YorkbAtria Paper backc2013 a321p.bPBc20.5x13.5cm. 2Generala6320b₹389.22c₹d₹499.00e22%f8-03-2022 a#1 New York Times bestselling author of It Ends With Us held readers spellbound with her novel Hopeless, the story of what happened when a troubled girl named Sky encountered a long-lost childhood friend, Dean. Now, in Losing Hope, we finally learn the truth about Dean Holder. Haunted by the little girl he couldn’t save from imminent danger, Holder’s life has been overshadowed by feelings of guilt and remorse. He has never stopped searching for her, believing that finding her would bring him the peace he needs to move on. However, Holder could not have anticipated that he would be faced with even greater pain the moment they reconnected. In Losing Hope, Holder reveals the way in which the events of Sky’s youth affected him and his family, leading him to seek his own redemption in the act of saving her. But it is only in loving Sky that he can finally begin to heal himself. 2American FictionaLiterature927528 2ddccBK c222171d222171 00102ddc40708MAENGaSACPGbSACPGd2022-03-11eBiblios Book Pointg389.22l13m1o813.54 HOOLpPG023825r2026-02-02 13:20:13s2026-01-17v499.00yBK